Dr. D.N. Wadia commemorative volume. (Record no. 70887)

MARC details
000 -LEADER
fixed length control field 00840cam a22002531 4500
001 - CONTROL NUMBER
control field sa 66007041
003 - CONTROL NUMBER IDENTIFIER
control field DLC
005 - DATE AND TIME OF LATEST TRANSACTION
control field 20260227112301.0
008 - FIXED-LENGTH DATA ELEMENTS--GENERAL INFORMATION
fixed length control field 850513s1965 ii abch b 010 0 eng
010 ## - LIBRARY OF CONGRESS CONTROL NUMBER
LC control number sa 66007041
025 ## - OVERSEAS ACQUISITION NUMBER
Overseas acquisition number PL480:I-E-6431
040 ## - CATALOGING SOURCE
Original cataloging agency DLC/ICU
Transcribing agency ICU
Modifying agency DLC
050 00 - LIBRARY OF CONGRESS CALL NUMBER
Classification number QE35
Item number .M65
082 00 - DEWEY DECIMAL CLASSIFICATION NUMBER
Classification number 550.8
110 2# - MAIN ENTRY--CORPORATE NAME
Corporate name or jurisdiction name as entry element Mining, Geological and Metallurgical Institute of India.
245 10 - TITLE STATEMENT
Title Dr. D.N. Wadia commemorative volume.
Statement of responsibility, etc. [Editor-in-chief: A.G. Jhingran.
260 ## - PUBLICATION, DISTRIBUTION, ETC.
Place of publication, distribution, etc. Calcutta]
Date of publication, distribution, etc. 1965.
300 ## - PHYSICAL DESCRIPTION
Extent xxiii, 833 p.
Other physical details illus., facsim., maps (part fold.) ports.
Dimensions 25 cm.
504 ## - BIBLIOGRAPHY, ETC. NOTE
Bibliography, etc. note Includes bibliographies.
650 #0 - SUBJECT ADDED ENTRY--TOPICAL TERM
Topical term or geographic name entry element Geology.
600 10 - SUBJECT ADDED ENTRY--PERSONAL NAME
Personal name Wadia, D. N.
Fuller form of name (Darashaw Nosherwan),
Dates associated with a name 1883-1969.
700 1# - ADDED ENTRY--PERSONAL NAME
Personal name Wadia, D. N.
Fuller form of name (Darashaw Nosherwan),
Dates associated with a name 1883-1969.
700 1# - ADDED ENTRY--PERSONAL NAME
Personal name Jhingran, Anant Gopal,
Dates associated with a name 1908-
Relator term ed.

No items available.

Powered by Koha